000 01250nam2a2200229 4500
001 RU\NLR\PER_A\002878127_000770
005 20250626062224.0
035 _a(NLR Aleph) 011413677
090 _a11571277
_c11571277
100 _a20170623d2017 |||y0rusy50 ca
101 0 _arus
102 _aRU
200 1 _aСовременные методы диагностики
210 _d2017
_aБ. м.
461 0 _1001RU\NLR\Per\627980
_12001#$aПрактическая медицина$dPractical medicine$eнаучно-практический рецензируемый медицинский журнал$eжурнал для практикующих врачей$zeng$v2017, № 2 (103)
_93252231
_cКазань
_d2009 -
_lPractical medicine
_nПрактика
_oнаучно-практический рецензируемый медицинский журнал : журнал для практикующих врачей
_tПрактическая медицина
_x2072-1757
_v2017, № 2 (103)
606 1 _aДиагностика
_jСборники
_xИнновационные технологии
_92414377
_3RU\NLR\AUTH\661438269
686 1 _aР34с.я43
852 _aNLR
_jП17/1387
942 _cISSUE
980 _aNB
980 _aRUSPER